书目信息 |
| 题名: |
高校设计标书图集
|
|
| 作者: | 万晓峰 , 乐嘉龙 编著 | |
| 分册: | ||
| 出版信息: | 北京 中国电力出版社 2007.01 |
|
| 页数: | 114页 | |
| 开本: | 21×30cm | |
| 丛书名: | 投标标书图集系列 | |
| 单 册: | ||
| 中图分类: | TU244.3-64 | |
| 科图分类: | ||
| 主题词: | 高等学校--gao deng xue xiao--校园--投标--文件--图集 , 高等学校--gao deng xue xiao--建筑设计--投标--文件--图集 | |
| 电子资源: | ||
| ISBN: | 7-5083-4590-8 | |
| 000 | 01078nam 2200277 450 | |
| 001 | 012007532022 | |
| 005 | 20070619155551.67 | |
| 010 | @a7-5083-4590-8@dCNY19.80@z7-5083-4590-1 | |
| 100 | @a20070419d2007 km y0chiy0120 ea | |
| 101 | 0 | @achi |
| 102 | @aCN@b110000 | |
| 105 | @aa a 000yy | |
| 200 | 1 | @a高校设计标书图集@Agao xiao she ji biao shu tu ji@f万晓峰, 乐嘉龙编著@Fwan xiao feng,yue jia long bian zhu |
| 210 | @a北京@c中国电力出版社@d2007.01 | |
| 215 | @a114页@c图@d21×30cm | |
| 225 | 2 | @a投标标书图集系列@Atou biao biao shu tu ji xi lie |
| 320 | @a有书目 (第114页)。 | |
| 330 | @a本图集通过几例高校校园建筑规划与建筑设计实例的介绍,系统全面介绍了高校校园的场地规划,学校建筑方案设计建筑标书的编制等内容。 | |
| 410 | 0 | @12001 @a投标标书图集系列 |
| 606 | 0 | @a高等学校@Agao deng xue xiao@x校园@x投标@x文件@j图集 |
| 606 | 0 | @a高等学校@Agao deng xue xiao@x建筑设计@x投标@x文件@j图集 |
| 690 | @aTU244.3-64@v4 | |
| 701 | 0 | @a万晓峰@Awan xiao feng@4编著 |
| 701 | 0 | @a乐嘉龙@Ayue jia long@4编著 |
| 801 | 0 | @aCN@c20070619 |
| 905 | @a10447@dTU244.3-64@eW043 | |
| 高校设计标书图集/万晓峰, 乐嘉龙编著.-北京:中国电力出版社,2007.01 |
| 114页:图;21×30cm.-(投标标书图集系列) |
| ISBN 7-5083-4590-8:CNY19.80 |
| 本图集通过几例高校校园建筑规划与建筑设计实例的介绍,系统全面介绍了高校校园的场地规划,学校建筑方案设计建筑标书的编制等内容。 |
| ● |
| 相关链接 |
|
|
|
正题名:高校设计标书图集
索取号:TU244.3-64/W043
 
预约/预借
| 序号 | 登录号 | 条形码 | 馆藏地/架位号 | 状态 | 备注 |
| 1 | 241991 | 202419917 | 建筑库101/101建筑库 104排1列5层/ [索取号:TU244.3-64/W043] | 在馆 | |
| 2 | 241992 | 202419926 | 建筑库101/101建筑库 104排1列5层/ [索取号:TU244.3-64/W043] | 在馆 | |
| 3 | 241993 | 202419935 | 建筑库101/101建筑库 104排1列5层/ [索取号:TU244.3-64/W043] | 在馆 |